000 00418cam a22001457a 4500
008 180718b xxu||||| |||| 00| 0 eng d
082 _aDx54 K145
245 _aKargil Review Committee Report: executive summary
260 _a
_b
_c
300 _a41p.
500 _aChairman: L K. Subrahmanyam
650 _aIndia - Foreign relations - Pakistan
650 _aKargil conflict, 1999
700 _aSubrahmanyam, K. (Chairman)
999 _c491240
_d491240